| 000 | 00693nam a22002057a 4500 | ||
|---|---|---|---|
| 999 |
_c168082 _d168082 |
||
| 005 | 20190926120850.0 | ||
| 010 | _aENG-126557 | ||
| 020 |
_c360.00 _a9789353168087 |
||
| 035 | _aEN-110089 | ||
| 037 | _bDBAD/PUB | ||
| 082 | _a005.133 | ||
| 100 | _aBalagurusamy,E | ||
| 245 |
_aProgramming for Problem solving : _cBy Balagurusamy _bGujrat technological university-2019 |
||
| 260 |
_aChennai _bMcGraw Hill Education (India)Private Limited _c2019 |
||
| 270 |
_bChennai _a444/1,Sri Ekambara Naicker Industrial Estate,Alapakkam,Porur _e600116 |
||
| 300 |
_a417p. _c25cm,(pbk) |
||
| 700 | _aBy Fair, Ray C. | ||
| 700 | _aBy Oster, Sharon E. | ||
| 942 |
_2ddc _cEN _h005.133 _mBAL |
||